000 01209nam a2200301 i 4500
001 185512
003 SpMaBN
005 20250822143001.0
008 160615s1998 sp |||| | spa d
020 _a84-8191-214-X
080 _a82-14.09"18"
080 _a821.131.1 Leopardi, Giacomo 1.07
100 1 _aLeopardi, Giacomo,
_d1798-1837
_971704
245 1 0 _aDiscurso de un italiano en torno a la poesía romántica
_b: (1818) /
_cGiacomo Leopardi ; edición de Carmelo Vera Saura.
250 _a1ª ed.
260 _aValencia :
_bPre-Textos,
_c1998.
300 _a302 p. ;
_c17 cm.
490 1 _aPre-textos.
_aPoéticas ;
_v376
504 _aBibliografía: p. [85]-87, [91]-93.
505 8 _aContiene: ;
_tEl primer Leopardi y las polémicas clásico-románticas en Italia (1816-1825)
600 1 4 _aLeopardi, Giacomo,
_d1798-1837-
_xCrítica e interpretación
_971705
650 7 _aPoesía-
_yS.XIX-
_xHistoria y crítica.
_9159864
650 7 _aRomanticismo (Literatura)
_2embne
_9148476
700 1 _aVera Saura, Carmelo,
_d1961-
_9159865
830 0 _aPre-textos.
_aPoéticas ;
_v376
_9192336
852 _aES-MaACL
_jL-30401
_z. - Donat. Miguel A. Velasco
999 _c185512
_d185512